| 000 | 00439nam a2200145 a 4500 | ||
|---|---|---|---|
| 001 | 000026073 | ||
| 005 | 20200930024259.0 | ||
| 008 | 110301s19uu 000 0 spa d | ||
| 040 |
_aDO-SdBNP _bspa _cBNPHU |
||
| 100 | 1 |
_aPérez Ortíz, Ramón _953017 |
|
| 245 | 1 | 0 |
_aFacetas de la política dominicana y otros aspectos / _cRamón Pérez Ortíz. |
| 260 |
_aSanto Domingo : _b[s. n.], _c[198?]. |
||
| 300 |
_a139 P. ; _c22 cm. |
||
| 049 | _aBNPD | ||
| 999 |
_c25565 _d25565 |
||